Výstava maliarky Breznayovej v Bratislave

Krátka správa o výstave obrazov I. St. Breznayovej v Bratislave od 5.3.1938

Bibliographic Details
Format: Article
Language:Slovak
Subjects:

MARC

LEADER 00000nab a22000001a 4500
001 vtls008996806
003 SK-MaSNL
005 20260304005344.0
008 070607d19380306xo |r|p|||| |000 b|slo
015 |a SNBRRBVU1918-1938 
038 |a SNKBUCL 
038 |a SNKBUVU 
040 |a SNKBUVU  |b slo  |c SNKBUCL  |e AACR2 
041 0 |a slo 
044 |a xo  |c SK 
080 |a 75.071.1:061.4  |2 1997 
245 0 0 |a Výstava maliarky Breznayovej v Bratislave 
500 |a V rubrike Kultúrna kronika 
520 |a Krátka správa o výstave obrazov I. St. Breznayovej v Bratislave od 5.3.1938 
600 1 7 |a Breznayová-Steinerová, Elena  |2 MM  |9 102587 
648 7 |a 1938  |2 MM  |9 310540 
650 0 7 |a slovenské maliarstvo  |2 MM  |9 3124 
650 0 7 |a výstavy  |2 snkbucl  |9 2780 
651 7 |a Bratislava (Slovensko)  |2 MM 
773 0 |t Slovák  |g Roč. 20, č. 54 (6.3.1938), s. 9 
852 |a SNK  |b KIS3GCP 
910 |a snkrbvumm 
958 |a VY 
999 |c 2555708  |d 2557638